00000000nam##2200000za#4500
0019.641829
003CaOODSP
00520210624223415
007cr |||||||||||
008150407|2000||||xxc|||||o    f|0| 0 fre|d
040 |aCaOODSP|bfre
043 |an-cn---
0861 |aRH64-37/2000F-PDF
1101 |aCanada.|bDéveloppement des ressources humaines Canada. |bPolitique stratégique.
24510|aLes répercussions du projet de loi C-12 sur les heures de travail hebdomadaires / |h[ressource électronique]|c[par] Jane Friesen et Dennis Maki.
260 |aOttawa - Ontario : |bDéveloppement des ressources humaines Canada. |cOctobre 2000.
300 |a46p.|bfigures, tableaux
504 |aBibliographie.
590 |a13-12-Supp|b2013-05-10
69107|aAssurance-emploi|2gcpds
69107|aConditions de travail|2gcpds
77508|tThe effect of Bill C-12 on weekly hours of work / |w(CaOODSP)9.697827
85640|ahttp://publications.gc.ca|qPDF|s594 Ko|uhttps://publications.gc.ca/collections/collection_2013/rhdcc-hrsdc/RH64-37-2000-fra.pdf
986 |aSP-AH129-03-00F